000 00308nam a2200145Ia 4500
100 _aMiller /A.R
942 _cBK
654 _aIBM PC
245 _aAssembly Language Techniques For The IBM Pc
260 _bB.P.B. Pub.
_aDelhi
082 _a1.6
_bMil
300 _a358
546 _aENGLISH
999 _c21010
_d21010